000 00278nam a2200109Ia 4500
008 220204s9999 xx 000 0 und d
082 _a030.8:801.323.9
_bMOO
100 _aMoosakutty, V A
245 0 _aPancha Maha Nighantu
260 _aKottayam
_bV Publishers
_c1976
942 _cBK
999 _c24228
_d24228